000
00312nam a2200157Ia 4500
100
_a
Siegel/Charles
250
_a
3
942
_c
BK
654
_a
Computer
245
_a
Mastering Visual Foxpro 3
260
_b
B.P.B
_c
1995
082
_a
5.133
_b
SIE
300
_a
1089
546
_a
ENGLISH
999
_c
35268
_d
35268